Μηχανισμοί της αγροτικής οικονομίας στην τουρκοκρατία, (ΙΕ'-ΙΣΤ' αι.)

Αποθηκεύτηκε σε:
Λεπτομέρειες βιβλιογραφικής εγγραφής
Κύριος συγγραφέας: Ασδραχάς, Σπύρος Ι., 1933-2017
Μορφή: Βιβλίο
Γλώσσα:Greek
Δημοσίευση: Αθήνα : Θεμέλιο, 1978.
Σειρά:Ιστορική βιβλιοθήκη (Θεμέλιο (Εταιρεία)
Θέματα:
Ετικέτες: Προσθήκη ετικέτας
Δεν υπάρχουν, Καταχωρήστε ετικέτα πρώτοι!

MARC

LEADER 00000cam a2200000 i 4500
001 1/85157
008 961118s1978 gr | ||| |||| ||gre||
035 |l 10006196 
040 |a GR-MyUa  |b gre  |e AACR2 
041 0 |a gre 
082 7 |a 338.109496   |2 (23) 
082 7 |a 338.1956   |2 (22) 
100 1 |a Ασδραχάς, Σπύρος Ι.,   |d 1933-2017. 
245 1 0 |a Μηχανισμοί της αγροτικής οικονομίας στην τουρκοκρατία, (ΙΕ'-ΙΣΤ' αι.) /   |c Σπύρος Ασδραχάς.  
260 |a Αθήνα :   |b Θεμέλιο,   |c 1978.  
300 |a 300 σ. ;   |c 21 εκ. 
490 1 |a (Ιστορική βιβλιοθήκη / Θεμέλιο) 
504 |a Περιλαμβάνει βιβλιογραφικές παραπομπές. 
650 0 |a Agriculture  |x Economic aspects  |z Balkan peninsula. 
650 0 |a Land tenure  |z Balkan Peninsula. 
830 0 |a Ιστορική βιβλιοθήκη (Θεμέλιο (Εταιρεία) 
852 |a INST  |b LESVOS  |e 19961118  |h 338.1956 ΑΣΔ  |p 005100012456  |q 005100012456  |t BK  |y 0 
852 |a INST  |b LESVOS  |e 19961118  |h 338.1956 ΑΣΔ  |p 005100012457  |q 005100012457  |t BK  |y 0 
852 |a INST  |b LESVOS  |e 19961118  |h 338.1956 ΑΣΔ  |p 005100012458  |q 005100012458  |t BK  |y 0 
852 |a INST  |b LESVOS  |e 20070323  |h 338.1956 ΑΣΔ  |p 005100036976  |q 005100036976  |t BK  |y 0 
852 |a INST  |b SAMOS  |e 20230609  |h 338.1956 ΑΣΔ  |p 005300047936  |q 005300047936  |t BK  |y 0 
852 |a INST  |b SYROS  |e 20230706  |h 338.109496 ΑΣΔ  |p 005500016022  |q 005500016022  |t BK  |y 0 
901 |a BIBL1-2007-1 
970 |z 1993/10/07